| 000 | 01637 a2200409 4500 | ||
|---|---|---|---|
| 003 | OSt | ||
| 005 | 20180116192342.0 | ||
| 008 | 120531t xxu||||| |||| 00| 0 eng d | ||
| 010 | _a 94076578 | ||
| 020 | _a1885254016 | ||
| 020 | _a1885254865 | ||
| 035 | _a(OCoLC)34225456 | ||
| 040 | _c0 | ||
| 082 | 0 | 4 | _a720.92 |
| 100 | 1 |
_aKoolhaas, Rem _92895 |
|
| 245 | 0 | 0 |
_aSmall, medium, large, extra-large : _bOffice for Metropolitan Architecture, Rem Koolhaas, and Bruce Mau / _cedited by Jennifer Sigler ; photography by Hans Werlemann. |
| 246 | 3 | 0 | _aOffice for Metropolitan Architecture, Rem Koolhaas, and Bruce Mau |
| 246 | 3 | 0 | _aS, M, L, XL |
| 246 | 3 | 0 | _aO.M.A., Rem Koolhaas, and Bruce Mau |
| 260 |
_aNew York, N.Y. : _bMonacelli Press, _cc1995. |
||
| 300 |
_axxxi, 1344 p. : _bill. (some col.) ; _c24 cm. |
||
| 600 | 1 | 0 |
_aKoolhaas, Rem. _92896 |
| 600 | 1 | 0 |
_aMau, Bruce. _92897 |
| 610 | 2 | 0 |
_aOffice for Metropolitan Architecture. _92898 |
| 650 | 0 |
_aArchitecture, Modern _y20th century. _92899 |
|
| 650 | 0 |
_aCity planning. _92900 |
|
| 650 | 0 |
_aOffice for Metropolitan Architecture _92901 |
|
| 700 | 1 |
_aKoolhaas, Rem. _92902 |
|
| 700 | 1 |
_aMau, Bruce. _92903 |
|
| 700 | 1 |
_aSigler, Jennifer. _92904 |
|
| 700 | 1 |
_aWerlemann, Hans. _92905 |
|
| 710 | 2 |
_aOffice for Metropolitan Architecture. _92906 |
|
| 856 | 4 | 2 |
_3Contributor biographical information _uhttp://www.loc.gov/catdir/enhancements/fy0835/94076578-b.html |
| 856 | 4 | 2 |
_3Publisher description _uhttp://www.loc.gov/catdir/enhancements/fy0835/94076578-d.html |
| 942 |
_aSADA _cREF _kREF 720.92 KOO 1995 _2ddc |
||
| 999 |
_c352709 _d352709 |
||